000 00759nam a22002177a 4500
005 20120903144943.0
010 _aG-002129
020 _a9780671711177
_c500.00(app.)
035 _aG-002129
037 _adpl
_bGift
082 _a158
100 _aCovey, Stephen R.
_951969
245 _aThe Seven Habits of Highly effective people/
_cby Stephen R. Covey
260 _aNewyork
_bAfireside books
_c1990
270 _aRockefeller Center, 1230 avenue of the Americas
_bNew york
300 _a358p.
_c23cm(pbk)
500 _aIt includes Index.
942 _2ddc
_cEN
_h158
_mCOV
999 _c69674
_d69674